BIBLIOTECA PODER JUDICIAL
Portal Judicial TDF

Creación del padrón de trabajadores independientes con colaboradores / (Registro nro. 5320)

000 -LEADER
fixed length control field 00960nab a22002177a 4500
003 - CONTROL NUMBER IDENTIFIER
control field OSt
005 - DATE AND TIME OF LATEST TRANSACTION
control field 20260115184457.0
008 - FIXED-LENGTH DATA ELEMENTS--GENERAL INFORMATION
fixed length control field 190605e xxu||||| |||| 00| 0 spa d
040 ## - CATALOGING SOURCE
Transcribing agency PJ
100 ## - MAIN ENTRY--PERSONAL NAME
9 (RLIN) 6368
Personal name Chiti, Stella Maris
245 10 - TITLE STATEMENT
Title Creación del padrón de trabajadores independientes con colaboradores /
Statement of responsibility, etc Stella Maris Chiti.
300 ## - PHYSICAL DESCRIPTION
Extent p. 15-17
500 ## - GENERAL NOTE
General note Cita Online: AR/DOC/3130/2024.
505 ## - FORMATTED CONTENTS NOTE
Formatted contents note Sumario: I. Introducción.— II. Breve reseña de la figura del "Trabajador Independiente con Colaboradores".— III. Funcionamiento del "PADIC".<br/><br/>
505 ## - FORMATTED CONTENTS NOTE
Title ¿Te interesa el texto completo? Solicitalo al correo: koha@justierradelfuego.gov.ar<br/>
650 #0 - SUBJECT ADDED ENTRY--TOPICAL TERM
9 (RLIN) 1316
Topical term or geographic name as entry element DERECHO LABORAL
650 #0 - SUBJECT ADDED ENTRY--TOPICAL TERM
9 (RLIN) 4965
Topical term or geographic name as entry element TRABAJADOR AUTONOMO
650 #0 - SUBJECT ADDED ENTRY--TOPICAL TERM
9 (RLIN) 5581
Topical term or geographic name as entry element REGISTROS PUBLICOS
773 0# - HOST ITEM ENTRY
Host Biblionumber 2711
Host Itemnumber 3168
Place, publisher, and date of publication Ciudad Autónoma de Buenos Aires : Thomson Reuters La Ley, 1999-2002.
Title Revista de derecho del trabajo. Nº 1 - Enero 2025
942 ## - ADDED ENTRY ELEMENTS (KOHA)
Source of classification or shelving scheme
Koha item type Analítica Artículo de Revista

No hay ítems disponibles.

12 de Octubre 789 Ushuaia - Tel:  54(02901)441571
Horario de Atención: 8.00 a 17.00 hs. 
bibliotecaush@justierradelfuego.gov.ar
koha@justierradelfuego.gov.ar
Seguinos en nuestras redes @bibliojustdf 

Con tecnología Koha